Biblioteca

Prayerdiary (Registro nro. 63853)

Detalles MARC
000 -LIDER / CABECERA
fixed length control field 00728nam a22002897a 4500
001 - NUMERO DE CONTROL
control field 768714001
003 - IDENTIFICADOR DEL NUMERO DE CONTROL
control field CO-MdFUSB
005 - FECHA Y HORA DE LA ULTIMA TRANSACCION
control field 20170407102151.0
008 - ELEMENTOS DE LONGITUD FIJA
fixed length control field 170407s2009 enk||||| |||| 00| 0 eng d
037 ## - FUENTE DE ADQUISICION
Proveedor Tearfund
040 ## - FUENTE/ORIGEN DE LA CATALOGACIÓN
Agencia Catalogadora CO-MdFUSB
Lenguaje de catalogación spa
Agencia que realiza la transcripción CO-MdFUSB
Agencia que realiza la modificación CO-MdFUSB
Norma de descripción rda
041 ## - IDIOMA
Código de lengua del texto/banda sonora o título independiente eng
Código de idioma original spa
245 ## - TÍTULO PROPIAMENTE DICHO
Title Prayerdiary
/ Mención de Responsabilidad Tearfund
260 ## - • Area De Publicacion, Distribucion, Etc. (Pie de Imprenta) (R)
Place of publication, distribution, etc Inglaterra
Date of publication, distribution, etc 2009
264 ## - PRODUCCIÓN, PUBLICACIÓN, DISTRIBUCIÓN, MANUFACTURA, Y COPYRIGHT
Lugar de producción, publicación, distribución, fabricación : Inglaterra :
Nombre del de productor, editor, distribuidor, fabricante, Tearfund
300 ## - DESCRIPCIÓN FÍSICA
Dimensions 23 cm.
310 ## - PERIODICIDAD ACTUAL
Periodicidad actual No aplica
Fecha de comienzo de la periodicidad actual 2009
336 ## - TIPO DE CONTENIDO
Fuente rdacontent
Término de tipo de contenido
Código de tipo de contenido
337 ## - TIPO DE MEDIO
Fuente rdamedia
Nombre del tipo de medio
Código del tipo de medio
338 ## - TIPO DE SOPORTE
Nombre del tipo de soport
362 ## - FECHAS DE PUBLICACIÓN Y/O DESIGNACIÓN SECUENCIAL
Fecha de publicación y/o designación secuencial (Volumen) 2009
546 ## - NOTA DE IDIOMA
Nota de idioma Texto en inglés
650 ## - PUNTO DE ACCESO ADICIONAL DE MATERIA -TÉRMINO DE MATERIA
Subdivisión de forma Publicaciones seriadas
773 ## - ENLACE AL DOCUMENTO FUENTE
Place, publisher, and date of publication Inglaterra : Tearfund, 2009.
810 ## - PUNTO DE ACCESO ADICIONAL DE SERIE - NOMBRE DE ENTIDAD
Tipo de Material Revista
942 ## - ELEMENTOS ADICIONALES (KOHA)
Source of classification or shelving scheme Dewey Decimal Classification
Estado de la suscripción No aplica
Koha item type Revistas y Fascículos
Existencias
Expurgo - (Retirado) Estado de Perdido Estado de Dañado Not for loan Colección Home library Current library Ubicación en Estantería Date acquired Información de volumen - Fascículo Barcode Copy number Koha item type
        Colección Patrimonial Biblioteca FUSBC Biblioteca FUSBC Hemeroteca 07/04/2017 Año 2009 R1500 Ej. 1 Revistas y Fascículos

Biblioteca FUSBC | Teléfono: (57+4) 349 88 10 Ext. 141| WhatsApp (+57) 3005338115 
E-mail: biblioteca@unisbc.edu.co | Calle 76 87-14 Robledo Palenque, Medellín, Colombia

Con tecnología Koha